[Event "Let's Play Chess!"]
[Site "http://www.queenalice.com/game.php?id=191171"]
[Date "2007.4.3"]
[Round "-"]
[White "mamag"]
[Black "Jhones"]
[Result "0-1"]
[WhiteElo "1395"]
[BlackElo "1621"]

1. g3 e5 2. Bg2 d5 3. e3 e4 4. Qh5 Be6 5. a3 d4 6. Qb5+ Nc6 7. exd4 Qxd4 8. Qxb7
Bc5 9. Qxa8+ Ke7 10. Nh3 Bxh3 11. Bxh3 Qxf2+ 12. Kd1 Qf3+ 13. Ke1 Qxh1+ 14. Bf1
Nd4 15. Ra2 Nf3+ 16. Ke2 Ng1+ 17. Ke1 Qf3 18. Nc3 Bf2# 0-1

[Event "Let's Play Chess!"]
[Site "http://www.queenalice.com/game.php?id=191172"]
[Date "2007.4.3"]
[Round "-"]
[White "Moondawg"]
[Black "mamag"]
[Result "1-0"]
[WhiteElo "1774"]
[BlackElo "1450"]

1. e4 e5 2. Nf3 d6 3. Nc3 Bg4 4. h3 Bxf3 5. Qxf3 Nc6 6. Bc4 Nh6 7. d3 Nd4 8. Qd1
c6 9. Bxh6 gxh6 10. Ne2 Qa5+ 11. c3 b5 12. Nxd4 exd4 13. b4 Qa3 14. Bb3 dxc3 15.
Qc2 Bg7 16. O-O Qb2 17. Rac1 O-O 18. Rfd1 a5 19. bxa5 Rxa5 20. Qxb2 cxb2 21.
Rxc6 b4 22. Rxd6 Rc8 23. Bc4 Rcc5 24. Rd8+ Bf8 25. Rb1 Kg7 26. Rxb2 Ra4 27. Rd7
1-0

[Event "Brasil vs Argentina"]
[Site "http://www.queenalice.com/game.php?id=191173"]
[Date "2007.4.3"]
[Round "-"]
[White "mamag"]
[Black "pollo"]
[Result "1-0"]
[WhiteElo "1436"]
[BlackElo "1322"]

1. b3 e5 2. Bb2 Nc6 3. h3 d6 4. e3 f6 5. d4 exd4 6. exd4 Bf5 7. Bb5 Qe7+ 8. Ne2
a6 9. Bxc6+ bxc6 10. d5 Be4 11. dxc6 Bxg2 12. Rg1 Bf3 13. Rg3 Bxe2 14. Qd2 Qe4
15. Re3 Qxe3 16. Qxe3+ Ne7 17. Qxe2 d5 18. Qe6 Rd8 19. Nc3 Rd6 20. Qe2 Kd8 21.
Qxa6 Rxc6 22. Qa8+ Nc8 23. Qxc6 g6 24. Qxf6+ 1-0

[Event "Challenge"]
[Site "http://www.queenalice.com/game.php?id=191174"]
[Date "2007.4.3"]
[Round "-"]
[White "mamag"]
[Black "sh4rp3r"]
[Result "1-0"]
[WhiteElo "1380"]
[BlackElo "1374"]

1. b3 b5 2. Bb2 Bb7 3. e3 d5 4. h4 Nh6 5. Bxb5+ c6 6. Bf1 Qd6 7. c4 dxc4 8. bxc4
c5 9. Qb3 Be4 10. f3 Bxb1 11. Rxb1 Qg3+ 12. Ke2 e6 13. Qb7 Bd6 14. Qxa8 O-O 15.
Rh3 Qg6 16. Rc1 e5 17. Rg3 Qxg3 18. Qxa7 Qxh4 19. Qb6 Qe7 20. a4 e4 21. fxe4 Bh2
22. Nf3 Nd7 23. Qb3 Qxe4 24. Nxh2 Ng4 25. Nxg4 Qxg4+ 26. Ke1 Qh5 27. Qc3 f6 28.
Qd3 Qh4+ 29. Kd1 Nb6 30. Ra1 Qg4+ 31. Be2 Nxa4 32. Rxa4 Qxg2 33. Ba3 Rc8 34. Qd7
Rb8 35. Ra7 Qg6 36. Bd3 Qh6 37. Qf7+ Kh8 38. Re7 Qh1+ 39. Kc2 Qa8 40. Qxg7# 1-0

[Event "Challenge"]
[Site "http://www.queenalice.com/game.php?id=191175"]
[Date "2007.4.3"]
[Round "-"]
[White "sh4rp3r"]
[Black "mamag"]
[Result "0-1"]
[WhiteElo "1364"]
[BlackElo "1380"]

1. d4 e6 2. c4 c5 3. Nc3 cxd4 4. Qxd4 Nc6 5. Qg4 Nb4 6. Qe4 f5 7. Qf3 Nc2+ 8.
Kd1 Nxa1 9. Bf4 h6 10. Be5 d6 11. Bf4 Qb6 12. Nb5 a6 13. Qh5+ Kd7 14. Qf7+ Be7
15. Qxg7 axb5 16. e3 Nf6 17. Qxh8 bxc4 18. Kc1 Rxa2 19. e4 Qxf2 20. Bxc4 Qc2#
0-1

[Event "Challenge"]
[Site "http://www.queenalice.com/game.php?id=191756"]
[Date "2007.4.4"]
[Round "-"]
[White "tiagohi"]
[Black "mamag"]
[Result "1-0"]
[WhiteElo "1340"]
[BlackElo "1430"]

1. e4 e5 2. Qh5 Qf6 3. d3 Bc5 4. Nh3 d6 5. Na3 Bxh3 6. Qxh3 Qxf2+ 7. Kd1 Bb4 8.
c3 Bxa3 9. bxa3 h6 10. d4 exd4 11. Bd2 Nc6 12. Bd3 dxc3 13. Bxc3 f6 14. e5 dxe5
15. Rb1 Rb8 16. Bf5 Qxa2 17. Kc1 Qxa3+ 18. Rb2 Qa1+ 19. Rb1 Qa3+ 20. Bb2 Qxh3
21. gxh3 Rd8 22. Kc2 Nge7 23. Be6 Nd4+ 24. Kc3 Nxe6 25. Ba3 Nd5+ 26. Kc4 c6 27.
Rxb7 a5 28. Rg1 1-0

[Event "Let's Play Chess!"]
[Site "http://www.queenalice.com/game.php?id=195429"]
[Date "2007.4.11"]
[Round "-"]
[White "mamag"]
[Black "TcheRenato"]
[Result "0-1"]
[WhiteElo "1380"]
[BlackElo "1378"]

1. e4 e5 2. b3 Nf6 3. d3 d5 4. exd5 Nxd5 5. Qh5 Qf6 6. Bb2 Bc5 7. Nf3 Nd7 8.
Nxe5 Qxf2+ 9. Kd1 Ne3+ 10. Kc1 Qxc2# 0-1

[Event "Let's Play Chess!"]
[Site "http://www.queenalice.com/game.php?id=195440"]
[Date "2007.4.11"]
[Round "-"]
[White "mamag"]
[Black "mosca"]
[Result "1-0"]
[WhiteElo "1459"]
[BlackElo "1500"]

1. g3 Nf6 2. d4 b6 3. Bg2 Bb7 4. Bxb7 Nc6 5. Bxa8 Qxa8 6. f3 Na5 7. c3 Ng4 8. h3
Nf6 9. h4 Nh5 10. Rh3 Qd5 11. g4 Nf6 12. Qa4 e5 13. dxe5 Qxe5 14. Bf4 Qc5 15. b4
Qxg1+ 16. Kd2 Bd6 17. Bxd6 cxd6 18. bxa5 O-O 19. axb6 axb6 20. f4 Qxg4 21. Rd3
Qxh4 22. Rxd6 Qf2 23. Na3 Qc5 24. Rd4 h5 25. Nb5 h4 26. Rh1 Qh5 27. f5 Qxf5 28.
Rdxh4 Qd5+ 29. Nd4 g5 30. Rh8+ Kg7 31. Rxf8 Kxf8 32. Qa3+ d6 33. Rh6 Kg7 34. Rh3
Ne4+ 35. Ke3 g4 36. Rh4 Qg5+ 37. Kxe4 Qxh4 38. Nf5+ Kg6 39. Nxh4+ Kg5 40. Qxd6
Kxh4 41. Kf4 b5 42. Qh6# 1-0

[Event "Let's Play Chess!"]
[Site "http://www.queenalice.com/game.php?id=195441"]
[Date "2007.4.11"]
[Round "-"]
[White "mamag"]
[Black "mosca"]
[Result "0-1"]
[WhiteElo "1475"]
[BlackElo "1484"]

1. e3 Nc6 2. Qf3 Nf6 3. Bc4 e6 4. h4 Bb4 5. a3 Bc5 6. b4 Bb6 7. b5 Na5 8. d3
Nxc4 9. dxc4 d5 10. cxd5 exd5 11. a4 Bg4 12. Qf4 Be6 13. Qg5 Ba5+ 14. c3 Qd7 15.
Qxg7 O-O-O 16. Qxf6 a6 17. bxa6 bxa6 18. Nf3 Rhf8 19. Ne5 Qd6 20. Ba3 c5 21. O-O
Bb4 22. cxb4 d4 23. bxc5 Qd5 24. Rd1 Qb3 25. Nd2 Qb7 26. exd4 Rxd4 27. c6 Qc7
28. Bxf8 Bd5 29. Qh8 f6 30. Bd6+ Qd8 31. Qxd8+ Kxd8 32. c7+ Kc8 33. Rab1 Bb7 34.
Nf7 Rxa4 35. Rdc1 Rd4 36. Rxb7 Kxb7 0-1

[Event "Let's Play Chess!"]
[Site "http://www.queenalice.com/game.php?id=195442"]
[Date "2007.4.11"]
[Round "-"]
[White "TcheRenato"]
[Black "mamag"]
[Result "1-0"]
[WhiteElo "1858"]
[BlackElo "1380"]

1. e4 e5 2. Nf3 d6 3. d4 Bg4 4. h3 Bxf3 5. Qxf3 exd4 6. Qb3 b6 7. Qa4+ Nd7 8.
Qxd4 Ngf6 9. Bb5 a6 10. Bc6 Rc8 11. f4 Qe7 12. Nc3 h5 13. e5 Ng8 14. Nd5 Qe6 15.
Bb7 c5 16. Qe4 f5 17. Qc4 b5 18. Nc7+ Rxc7 19. Qxe6+ Be7 20. Bxa6 dxe5 21. fxe5
b4 22. Qg6+ Kf8 23. Qxf5+ Ke8 24. Qg6+ Kd8 25. Qxg7 Rh6 26. Qxg8+ Nf8 27. Qd5+
Rd7 28. Qa8+ Kc7 29. Qb7+ Kd8 30. Qc8# 1-0

[Event "Let's Play Chess!"]
[Site "http://www.queenalice.com/game.php?id=195443"]
[Date "2007.4.12"]
[Round "-"]
[White "mamag"]
[Black "groo"]
[Result "1-0"]
[WhiteElo "1418"]
[BlackElo "1459"]

1. e4 g6 2. d4 d6 3. b3 Bg7 4. Bb2 Nf6 5. e5 dxe5 6. dxe5 Nd5 7. c4 Nb4 8. Qxd8+
Kxd8 9. Nf3 Nc2+ 10. Kd1 Nxa1 11. Bxa1 Bf5 12. Nbd2 Nc6 13. Ng5 Be6 14. a4 Nxe5
15. f4 f6 16. Nxe6+ Ke8 17. Nxc7+ Kd7 18. Nxa8 Rxa8 19. fxe5 fxe5 20. Ne4 b6 21.
Bd3 Rd8 22. c5 Ke6 23. cxb6 axb6 24. Ng5+ Kd6 25. Nf7+ Kd7 26. Nxd8 Kxd8 27. Bb5
Kc7 28. Rf1 h5 29. Rf7 Bf6 30. Rg7 Bxg7 31. h3 g5 32. g4 hxg4 33. hxg4 Kd6 34.
Ke2 Ke6 35. Ke3 Bf6 36. Bc4+ Kd7 37. Ke4 e6 38. Bxe5 Bxe5 39. Kxe5 Kc6 40. Kxe6
Kc5 41. Kf5 Kb4 42. Kxg5 Ka3 43. Kf6 Kb2 44. g5 b5 45. axb5 Kc3 46. b6 Kd2 47.
b7 Ke3 48. b8=Q Kd4 49. Qe5# 1-0

[Event "Challenge"]
[Site "http://www.queenalice.com/game.php?id=195877"]
[Date "2007.4.12"]
[Round "-"]
[White "mamag"]
[Black "tiagohi"]
[Result "0-1"]
[WhiteElo "1410"]
[BlackElo "1360"]

1. e3 d5 2. c4 Be6 3. Na3 Nf6 4. cxd5 Bxd5 5. Qa4+ Bc6 6. Qd1 e5 7. Nf3 Bd6 8.
Bb5 a6 9. Bxc6+ bxc6 10. Qb3 Nd5 11. Qb7 Nd7 12. Qxc6 O-O 13. Qxd5 Nf6 14. Qc6
Ra7 15. Qc2 c5 16. Ng5 Qa8 17. f3 h6 18. Ne4 Bc7 19. Qxc5 Qb7 20. Nxf6+ Kh8 0-1

[Event "Challenge"]
[Site "http://www.queenalice.com/game.php?id=196487"]
[Date "2007.4.13"]
[Round "-"]
[White "Guilherme_Ottoni"]
[Black "mamag"]
[Result "1-0"]
[WhiteElo "1815"]
[BlackElo "1477"]

1. e4 e5 2. d4 d5 3. exd5 exd4 4. Qxd4 c6 5. Qe4+ Qe7 6. Qxe7+ Bxe7 7. dxc6 Nxc6
8. Nf3 Nb4 9. Bd3 Nf6 10. O-O g6 11. Re1 Bf5 12. Bxf5 gxf5 13. Re2 Rd8 14. Nc3
Ne4 15. Bh6 a5 16. a3 Nd5 17. Nxe4 fxe4 18. Rxe4 Nf6 19. Rd4 Rxd4 20. Nxd4 Ng4
21. Bf4 Bf6 22. Re1+ Kd8 23. c3 h5 24. h3 Nh6 25. Bxh6 Rxh6 26. Rd1 b5 27. Nc6+
Kc7 28. Nxa5 h4 29. Nb3 Bh8 30. Rd5 Kc6 31. Rf5 Rh7 32. Nd4+ Bxd4 33. cxd4 Kd6
34. Rf4 Kd5 35. Kf1 Kc4 36. Ke2 Rg7 37. Ke3 Rxg2 38. Rxh4 f6 39. Rg4 Rh2 40. h4
f5 41. Rf4 Rh3+ 42. f3 Kb3 43. Rxf5 Kxb2 44. Rxb5+ Kxa3 45. Rh5 Kb4 46. d5 Kc5
47. Ke4 Kd6 48. f4 Ke7 49. Rh7+ Kf6 50. d6 Kg6 51. d7 Kxh7 52. d8=Q Kh6 53. Qg5+
Kh7 54. Qf5+ Kh6 55. Qxh3 Kh5 56. Qg2 Kxh4 57. Kf5 Kh5 58. Qh1# 1-0

[Event "Challenge"]
[Site "http://www.queenalice.com/game.php?id=196488"]
[Date "2007.4.13"]
[Round "-"]
[White "mamag"]
[Black "Guilherme_Ottoni"]
[Result "0-1"]
[WhiteElo "1420"]
[BlackElo "1810"]

1. e3 d5 2. Qf3 c5 3. b3 Nf6 4. Bb2 Bg4 5. Qf4 Bh5 6. Qe5 Nc6 7. Qc3 e6 8. d4
Nb4 9. dxc5 Qa5 10. Nd2 Bxc5 11. a3 Nxc2+ 12. Qxc2 Be7 13. Bxf6 Bxf6 14. Rc1
Qxa3 15. Qc7 O-O 16. f3 Bd8 17. Qxb7 Qxc1+ 18. Ke2 Ba5 19. b4 Rfb8 20. Qc7 Bxc7
21. g4 Bg6 22. h4 Rxb4 23. f4 Bc2 24. Ngf3 Qa3 25. h5 Bb6 26. Kf2 Bxe3+ 27. Ke2
Qd3+ 28. Ke1 Rb1+ 29. Nxb1 Qd1# 0-1

[Event "Let's Play Chess!"]
[Site "http://www.queenalice.com/game.php?id=207621"]
[Date "2007.5.7"]
[Round "-"]
[White "mamag"]
[Black "jose50"]
[Result "0-1"]
[WhiteElo "1454"]
[BlackElo "1758"]

1. d4 d5 2. g3 h6 3. e3 a6 4. Bg2 Bf5 5. Qh5 Bg6 6. Qe5 Nc6 7. Qf4 e6 8. c3 Bd6
9. Qf3 Be4 10. Qg4 Bxg2 11. Qxg7 Qf6 12. Qxf6 Nxf6 13. f3 Bxh1 14. Ke2 e5 15.
dxe5 Nxe5 16. f4 Nc4 17. b3 Nb6 0-1

[Event "Challenge"]
[Site "http://www.queenalice.com/game.php?id=207724"]
[Date "2007.5.7"]
[Round "-"]
[White "mamag"]
[Black "sh4rp3r"]
[Result "0-1"]
[WhiteElo "1449"]
[BlackElo "1371"]

1. e4 e5 2. b3 Nc6 3. Qf3 Nd4 4. Qf4 exf4 5. d3 Nxc2+ 6. Kd1 Nxa1 7. Nf3 Nf6 8.
Ng5 Ng4 9. Ke1 Qxg5 10. h3 Ne5 0-1